[Event "Kupreichik Memorial Rapid 2019"]
[Site "Minsk"]
[Date "2019.08.15"]
[Round "1.12"]
[White "Shakhadanau, Henadzi"]
[Black "Mustaps, Matiss"]
[Result "0-1"]
[WhiteElo "1868"]
[BlackElo "2381"]
[Annotator "TA"]
[PlyCount "50"]
[EventDate "2019.08.15"]
[EventType "swiss"]
[EventCountry "BLR"]
[SourceTitle "playchess.com"]
[Source "ChessBase"]
[SourceQuality "1"]

{[%evp 21,50,104,64,-9,0,-17,3,27,7,0,11,0,0,0,177,172,170,158,169,149,162,122,121,133,129,119,157,154,175,-735,-732]} 1. e4 c5 2. Nf3 d6 3. d4 cxd4 4. Nxd4 Nf6 5. Nc3 g6 6. Be3 Bg7 7. f3 Nc6 8. Qd2 O-O 9. g4 Bxg4 10. fxg4 Nxg4 11. Nxc6 bxc6 12. Bg1 {B76: Sicilian Dragon: Yugoslav Attack, 9 g4 and 9 0-0-0} (12. Bf4 $14) (12. Bc4 d5 13. exd5 cxd5 14. Nxd5 Rc8 15. Bb3 Bxb2 16. Bd4 Ne5 17. O-O Rxc2 18. Bxc2 Qxd5 19. Rad1 Bxd4+ 20. Qxd4 {1-0 (54) Jens,J (2413)-Stolte,A (2173) Germany 2018}) 12... Rb8 $146 ({Predecessor:} 12... Qa5 13. Bd4 Bh6 14. Qg2 c5 15. Bxc5 Bg7 16. O-O-O Bxc3 17. Qxg4 dxc5 18. bxc3 Qa3+ 19. Kd2 Rad8+ 20. Ke3 Qxc3+ 21. Kf2 Qxc2+ 22. Be2 f5 23. exf5 Rxf5+ 24. Kg2 Rd4 25. Rxd4 cxd4 {0-1 (25) Hoffmann,F-Deschamp,G ICCF corr 1995}) 13. Be2 Bh6 14. Qd3 {The position is equal.} Ne5 15. Qh3 Bg7 $1 16. O-O-O Qa5 17. Rd4 {Threatens to win with Ra4.} Rb4 $2 (17... Qb6 $1 $11 {and Black stays safe.}) 18. Rxb4 $18 Qxb4 {[#]} 19. a3 $1 {[%cal Ra3b4]} ({Inferior is} 19. Bxa7 c5 $15) 19... Qa5 20. Bd4 e6 21. Qe3 c5 {...Ng4! is the strong threat.} 22. Bxe5 $1 Bxe5 23. h4 Qd8 24. h5 g5 {[#] Strongly threatening ...Bf4.} 25. h6 $4 {[%mdl 8192]} (25. Kb1 $18) 25... Bf4 {Accuracy: White = 32%, Black = 26%.} 0-1

[Event "Kupreichik Memorial Rapid 2019"]
[Site "Minsk"]
[Date "2019.08.15"]
[Round "1.13"]
[White "Pogosian, Manvel"]
[Black "Tkachou, Viktar"]
[Result "1-0"]
[WhiteElo "2383"]
[BlackElo "1791"]
[Annotator "TA"]
[PlyCount "73"]
[EventDate "2019.08.15"]
[EventType "swiss"]
[EventCountry "BLR"]
[SourceTitle "playchess.com"]
[Source "ChessBase"]
[SourceQuality "1"]

{[%evp 13,73,8,37,-2,-4,0,54,40,75,49,75,41,77,44,110,108,122,98,177,181,192,179,165,175,182,160,171,147,155,108,123,74,168,164,211,174,249,235,235,227,224,236,257,184,461,459,550,517,519,521,897,609,747,859,850,833,298,831,2627,2522,2037,1655]} 1. d4 Nf6 2. Nf3 e6 3. c4 b6 4. g3 Bb7 5. Bg2 Be7 6. O-O O-O 7. Re1 d6 8. d5 {E17: Queen's Indian: 4 g3 Bb7 5 Bg2 Be7} (8. Nc3 c5 9. d5 exd5 10. cxd5 b5 11. Nxb5 Bxd5 12. Bf4 Qb6 13. Nxd6 Bxd6 14. Bxd6 Qxd6 15. e4 Nxe4 16. Rxe4 {1-0 (28) Tkachiev,V (2661)-Fedorchuk,S (2645) Benidorm 2007}) 8... exd5 9. Nh4 c5 ({Better is} 9... c6 $11) 10. cxd5 {White is slightly better.} Nbd7 11. Nc3 $146 ({Predecessor:} 11. e4 Re8 12. Nc3 g6 13. f4 Bf8 14. a4 Bg7 15. Be3 a6 {1-0 (52) Gerasimchuk,Y (2165)-Sidenko,A (2235) IECG email 2006}) 11... a6 12. a4 Re8 13. e4 Ne5 (13... g6 $14) 14. f4 $16 Ng6 {intending ...Nxh4.} 15. Nxg6 fxg6 (15... hxg6 $16 16. e5 Nd7) 16. e5 $18 Nd7 17. e6 Nf6 18. g4 Rf8 19. Be3 Ne8 20. g5 Nc7 21. Qb3 Rb8 22. Qa3 a5 (22... b5 $16 {was worth a try.}) 23. Qb3 Na6 24. Rad1 {[%cal Ba1d1,Bd1d2,Bd2h2][%mdl 32]} Nb4 (24... Nc7 $142 25. Qc2 Ba6) 25. Be4 Ba6 26. Rd2 c4 27. Qd1 Nd3 28. Rf1 ({Don't play} 28. Bxd3 $6 cxd3 29. Nb5 Rf5 $18) 28... Qe8 $2 (28... b5 {was called for.} 29. Rxd3 (29. Nxb5 Bxb5 30. axb5 Rxb5 $16) (29. Bxd3 cxd3 30. axb5 Bxb5 $16) 29... cxd3) 29. h4 ({Weaker is} 29. Bxd3 cxd3 30. Qb3 b5 $16) 29... Nc5 30. Bxc5 bxc5 31. Rh2 h5 32. gxh6 gxh6 {[#]} 33. Bxg6 $1 {[%mdl 512]} Qxg6+ {[#]} 34. Rg2 $1 {[%mdl 512]} Qxg2+ 35. Kxg2 Rxb2+ 36. Kh1 Rf6 37. Ne4 {Accuracy: White = 78%, Black = 17%.} 1-0

[Event "Kupreichik Memorial Rapid 2019"]
[Site "Minsk"]
[Date "2019.08.15"]
[Round "1.14"]
[White "Zvereva, Margarita"]
[Black "Zhukova, Natalia"]
[Result "0-1"]
[WhiteElo "1678"]
[BlackElo "2333"]
[Annotator "TA"]
[PlyCount "58"]
[EventDate "2019.08.15"]
[EventType "swiss"]
[EventCountry "BLR"]
[SourceTitle "playchess.com"]
[Source "ChessBase"]
[SourceQuality "1"]

{[%evp 12,58,16,12,24,21,27,25,29,30,26,10,9,0,0,-5,0,-34,-37,-45,-30,-32,-39,-67,-67,-63,-58,-80,-66,-83,-77,-87,-32,-112,-101,-91,-77,-102,-55,-55,-55,-170,-175,-160,-168,-29988,-29989,-29991,-29991]} 1. d4 Nf6 2. Nf3 e6 3. e3 c5 4. Bd3 d5 5. b3 Nc6 6. Bb2 cxd4 7. exd4 Bb4+ {D05: Colle System with ...e6} (7... g6 8. O-O Bg7 9. Ba3 a6 10. Re1 b5 11. c3 Bb7 12. Qc1 Rc8 13. Qf4 Ne7 14. Ne5 O-O 15. Bc5 {0-1 (27) Dominguez Perez,L (2739)-Margvelashvili,G (2530) chess.com INT 2018}) 8. c3 Bd6 9. O-O O-O {White has an edge.} 10. Nbd2 b6 11. a3 Bb7 12. c4 Ne7 13. Re1 Ng6 14. Bxg6 $146 ({Predecessor:} 14. Ne5 Rc8 15. Rc1 dxc4 16. Ndxc4 Bb8 17. b4 Nf4 18. Bf1 {1-0 (58) Mamedjarova,Z (2363)-Cramling,P (2450) Riadh 2017}) 14... hxg6 15. Ne5 Rc8 16. Rc1 Qe7 17. b4 dxc4 18. Ndxc4 Bb8 19. Ne3 Nd5 20. Nxd5 Bxd5 21. Qg4 Qb7 (21... Bd6 $17 22. b5 Qb7) 22. f3 (22. Bc3 $15) 22... Rxc1 23. Rxc1 Rc8 24. h4 Rxc1+ 25. Bxc1 Qc8 26. Bg5 {[#]} ({White should play} 26. Bd2 $15) 26... Qc3 $1 $19 27. h5 gxh5 {[%mdl 64] Overworked Piece} ({Don't do} 27... Qxa3 28. hxg6 Qa1+ 29. Kh2 $15) 28. Qxh5 $2 (28. Qf4 $19 Bxe5 29. dxe5) 28... Qxd4+ {[%mdl 64] Double Attack} 29. Kh1 Bxe5 {Accuracy: White = 21%, Black = 60%.} 0-1

[Event "Kupreichik Memorial Rapid 2019"]
[Site "Minsk"]
[Date "2019.08.15"]
[Round "1.15"]
[White "Pein, Malcolm"]
[Black "Stanishevskij, Aleksandr"]
[Result "1-0"]
[WhiteElo "2312"]
[BlackElo "1830"]
[Annotator "TA"]
[PlyCount "61"]
[EventDate "2019.08.15"]
[EventType "swiss"]
[EventCountry "BLR"]
[SourceTitle "playchess.com"]
[Source "ChessBase"]
[SourceQuality "1"]

{[%evp 15,61,21,56,35,112,105,111,108,98,82,181,189,183,176,181,175,179,179,192,181,183,176,171,192,205,219,257,238,241,172,172,183,267,260,389,400,596,588,665,673,826,815,743,737,1008,983,1089,1057]} 1. Nf3 f5 2. b3 Nf6 3. Bb2 d6 4. d4 g6 5. g3 Bg7 6. Bg2 O-O 7. O-O Qe8 8. Nbd2 h6 9. Re1 {A81: Dutch Defence: 2 g3} Nbd7 {[#]} ({Black should try} 9... Nc6 $14) 10. e4 $1 $16 fxe4 11. Nxe4 {White is better.} Qf7 $146 ({Predecessor:} 11... Nxe4 12. Rxe4 Nf6 13. Re1 Qf7 14. c4 Bg4 15. h3 Bd7 16. d5 Rae8 {1-0 (55) Carlsen,M (2765)-Rodrigo Yanguas,M (1983) Madrid 2008}) 12. Qe2 Re8 (12... Nxe4 $16 13. Qxe4 Re8) 13. Neg5 $18 hxg5 14. Nxg5 Qf8 {[#]} 15. Ne6 $1 $36 {[%csl LRc7,LRf8][%cal Re6f8][%mdl 2112] Double Attack. White has strong initiative.} Qf7 16. Nxc7 {[%mdl 64] Double Attack} Rb8 17. Nxe8 Qxe8 18. Qxe7 Qxe7 19. Rxe7 Bf8 20. Re3 b6 21. Rae1 Bb7 22. c4 Bxg2 23. Kxg2 Kf7 (23... d5 $142 24. Rc1 Rc8 25. cxd5 Rxc1 26. Bxc1 Nxd5) 24. Rf3 Kg8 (24... Re8 $142) 25. Re6 Kf7 (25... d5 {might work better.} 26. Rfxf6 Nxf6 27. Rxf6 Rc8) 26. d5 {White is clearly winning.} Bg7 27. Rxd6 Rb7 28. g4 g5 {[#]} 29. h4 $1 Kg6 (29... gxh4 30. g5) 30. h5+ Kf7 31. Rf5 {Accuracy: White = 73%, Black = 37%.} 1-0

[Event "Kupreichik Memorial Rapid 2019"]
[Site "Minsk"]
[Date "2019.08.15"]
[Round "1.16"]
[White "Kolosovskaya, Olga"]
[Black "Mikhailovsky, Vladimir"]
[Result "0-1"]
[WhiteElo "1719"]
[BlackElo "2209"]
[Annotator "NA"]
[PlyCount "50"]
[EventDate "2019.08.15"]
[EventType "swiss"]
[EventCountry "BLR"]
[SourceTitle "playchess.com"]
[Source "ChessBase"]
[SourceQuality "1"]
[TimeControl "900+10"]

1. e4 {[%emt 0:00:00]} e5 {[%emt 0:00:00]} 2. Nf3 {[%emt 0:00:00]} d5 {[%emt 0:00:00]} 3. d3 {[%emt 0:00:11]} Nc6 {[%emt 0:00:01]} 4. Be2 {[%emt 0:00:12]} Nf6 {[%emt 0:00:10]} 5. exd5 {[%emt 0:00:28]} Nxd5 {[%emt 0:00:12]} 6. O-O {[%emt 0:00:04]} Be7 {[%emt 0:01:43]} 7. Nc3 {[%emt 0:01:01]} Be6 {[%emt 0:00:14]} 8. Nxd5 {[%emt 0:03:46]} Bxd5 {[%emt 0:00:40]} 9. c4 {[%emt 0:00:08]} Be6 {[%emt 0:00:12]} 10. a3 {[%emt 0:01:25]} g5 {[%emt 0:00:49]} 11. b4 {[%emt 0:03:54]} g4 {[%emt 0:00:17]} 12. Nd2 {[%emt 0:00:01]} h5 {[%emt 0:00:23]} 13. Nb3 {[%emt 0:00:31]} Qd7 {[%emt 0:00:51]} 14. Bb2 {[%emt 0:02:00]} O-O-O {[%emt 0:01:08]} 15. b5 {[%emt 0:00:02]} Nd4 {[%emt 0:00:08]} 16. Nxd4 {[%emt 0:00:09]} exd4 {[%emt 0:00:03]} 17. Qa4 {[%emt 0:00:33]} Bc5 {[%emt 0:00:36]} 18. Rfe1 {[%emt 0:00:18]} h4 {[%emt 0:01:00]} 19. Bf1 {[%emt 0:00:02]} g3 {[%emt 0:00:53]} 20. fxg3 {[%emt 0:01:04]} hxg3 {[%emt 0:00:04]} 21. hxg3 {[%emt 0:01:15]} Qd6 {[%emt 0:00:31]} 22. Re4 {[%emt 0:00:23]} Qxg3 {[%emt 0:00:17]} 23. Rae1 {[%emt 0:00:07]} Rh6 {[%emt 0:00:24]} 24. Bc1 {[%emt 0:00:18]} Rf6 {[%emt 0:00:34]} 25. Qc2 {[%emt 0:00:18]} Bd6 {[%emt 0:00:33]} 0-1

[Event "Kupreichik Memorial Rapid 2019"]
[Site "Minsk"]
[Date "2019.08.15"]
[Round "1.17"]
[White "Veremeichik, Vladimir"]
[Black "Stsepkina, Yauheniya"]
[Result "1-0"]
[WhiteElo "2282"]
[BlackElo "1537"]
[Annotator "NA"]
[PlyCount "99"]
[EventDate "2019.08.15"]
[EventType "swiss"]
[EventCountry "BLR"]
[SourceTitle "playchess.com"]
[Source "ChessBase"]
[SourceQuality "1"]
[TimeControl "900+10"]

1. d4 {[%emt 0:00:00]} Nf6 {[%emt 0:00:00]} 2. c4 {[%emt 0:00:00]} g6 {[%emt 0:00:00]} 3. Nc3 {[%emt 0:00:00]} d5 {[%emt 0:00:00]} 4. Bf4 {[%emt 0:00:00]} Bg7 {[%emt 0:00:00]} 5. e3 {[%emt 0:00:00]} O-O {[%emt 0:00:03]} 6. cxd5 {[%emt 0:00:00]} Nxd5 {[%emt 0:00:01]} 7. Nxd5 {[%emt 0:00:00]} Qxd5 {[%emt 0:00:02]} 8. Bxc7 {[%emt 0:00:01]} b6 {[%emt 0:02:55]} 9. Ne2 {[%emt 0:01:08]} Bb7 {[%emt 0:00:25]} 10. Nc3 {[%emt 0:00:12]} Qd7 {[%emt 0:00:01]} 11. Bg3 {[%emt 0:00:15]} Rd8 {[%emt 0:00:27]} 12. Qc2 {[%emt 0:04:53]} Nc6 {[%emt 0:04:53]} 13. Be2 {[%emt 0:02:11]} Rac8 {[%emt 0:00:46]} 14. Rd1 {[%emt 0:01:32]} Nb4 {[%emt 0:03:06]} 15. Qb3 {[%emt 0:00:02]} Nd5 {[%emt 0:00:12]} 16. O-O {[%emt 0:00:32]} e6 {[%emt 0:00:26]} 17. Rc1 {[%emt 0:00:45]} Nxc3 {[%emt 0:02:43]} 18. bxc3 {[%emt 0:00:15]} Qe7 {[%emt 0:00:42]} 19. c4 {[%emt 0:01:20]} Bf6 {[%emt 0:00:40]} 20. a4 {[%emt 0:00:47]} Bh4 {[%emt 0:00:40]} 21. Rfd1 {[%emt 0:00:31]} Bxg3 {[%emt 0:00:02]} 22. hxg3 {[%emt 0:00:01]} Qc7 {[%emt 0:00:17]} 23. Qa3 {[%emt 0:00:44]} Bc6 {[%emt 0:00:16]} 24. Ra1 {[%emt 0:01:00]} Qb7 {[%emt 0:00:06]} 25. Bf1 {[%emt 0:00:08]} Rc7 {[%emt 0:00:13]} 26. a5 {[%emt 0:00:02]} Rdd7 {[%emt 0:00:09]} 27. axb6 {[%emt 0:00:07]} axb6 {[%emt 0:00:02]} 28. Qb4 {[%emt 0:00:11]} Rd8 {[%emt 0:00:05]} 29. Rdb1 {[%emt 0:00:23]} Rb8 {[%emt 0:00:06]} 30. Ra3 {[%emt 0:00:03]} Qc8 {[%emt 0:00:16]} 31. Rab3 {[%emt 0:00:11]} Rcb7 {[%emt 0:00:02]} 32. Qd6 {[%emt 0:00:04]} Qd7 {[%emt 0:00:27]} 33. Qxd7 {[%emt 0:00:05]} Bxd7 {[%emt 0:00:01]} 34. Be2 {[%emt 0:00:04]} Bc6 {[%emt 0:00:05]} 35. f3 {[%emt 0:00:01]} Kf8 {[%emt 0:00:04]} 36. e4 {[%emt 0:00:00]} Ke7 {[%emt 0:00:06]} 37. d5 {[%emt 0:00:01]} exd5 {[%emt 0:00:30]} 38. cxd5 {[%emt 0:00:03]} Bd7 {[%emt 0:00:03]} 39. Ba6 {[%emt 0:00:03]} Rc7 {[%emt 0:00:18]} 40. Rxb6 {[%emt 0:00:02]} Rxb6 {[%emt 0:00:14]} 41. Rxb6 {[%emt 0:00:01]} Rc1+ {[%emt 0:00:05]} 42. Kh2 {[%emt 0:00:02]} Rd1 {[%emt 0:00:04]} 43. g4 {[%emt 0:00:04]} Rd2 {[%emt 0:00:04]} 44. Kg3 {[%emt 0:00:01]} g5 {[%emt 0:00:17]} 45. Rb7 {[%emt 0:00:52]} Kd8 {[%emt 0:00:22]} 46. Bb5 {[%emt 0:00:05]} Bxb5 {[%emt 0:00:04]} 47. Rxb5 {[%emt 0:00:02]} Kc7 {[%emt 0:00:04]} 48. d6+ {[%emt 0:00:10]} Kxd6 {[%emt 0:00:06]} 49. Rxg5 {[%emt 0:00:02]} Ke6 {[%emt 0:00:26]} 50. Rh5 {[%emt 0:00:01] Kd5} 1-0

[Event "Kupreichik Memorial Rapid 2019"]
[Site "Minsk"]
[Date "2019.08.15"]
[Round "1.18"]
[White "Ostrovskiy, Viktor"]
[Black "Meshkov, Yuri A."]
[Result "0-1"]
[WhiteElo "1453"]
[BlackElo "2336"]
[Annotator "TA"]
[PlyCount "54"]
[EventDate "2019.08.15"]
[EventType "swiss"]
[EventCountry "BLR"]
[SourceTitle "playchess.com"]
[Source "ChessBase"]
[SourceQuality "1"]

{[%evp 22,60,25,3,20,4,22,0,0,0,13,-8,0,-26,-14,-38,0,-8,46,51,46,-27,-38,-32,-26,-194,-222,-194,-202,-316,-303,-302,-290,-305,-300,-347,-300,-3264,-1083,-2431,-2741]} 1. e4 g6 2. d4 Bg7 3. c4 d6 4. Nf3 Bg4 5. Be2 Nc6 6. Be3 e5 7. d5 Bxf3 8. Bxf3 Nd4 9. O-O Ne7 10. Nc3 c5 11. dxc6 bxc6 12. Be2 a5 $146 {A41: 1 d4 d6: Tartakower System and Modern Defence} ({Predecessor:} 12... O-O 13. Bd3 Rb8 14. Rb1 Qc7 15. Ne2 Ne6 16. b4 Rfd8 17. Qa4 Nc8 18. Rfc1 Bf6 19. g3 Bg5 20. f4 {0-1 (83) Feige,M (2420)-Markowski,T (2605) Germany 2008}) 13. f4 Rb8 14. Rb1 O-O {The position is equal.} 15. fxe5 dxe5 16. Bg5 f6 17. Be3 Qd6 18. Na4 Rfd8 19. Kh1 h5 (19... f5 $11) 20. c5 $14 Qe6 21. Rc1 (21. Bd3 $14) 21... Nxe2 $11 22. Qxe2 Qxa2 23. Qc4+ $2 (23. Ra1 $11 {and White has nothing to worry.} Qb3 24. Nb6) 23... Qxc4 $19 24. Rxc4 Rb3 25. Rc3 (25. Bf2 $142) 25... Rb4 $1 {[%csl LRa4,LRe4][%mdl 64] [#] Double Attack} 26. Nb6 {If only White now had time for Nc4....} Rxe4 27. Ra1 Rb4 {Played: Ne7-d5} 0-1

[Event "Kupreichik Memorial Rapid 2019"]
[Site "Minsk"]
[Date "2019.08.15"]
[Round "1.19"]
[White "Mochalov, Evgeny V"]
[Black "Kashtelyan, Valentin"]
[Result "1-0"]
[WhiteElo "2374"]
[BlackElo "1488"]
[Annotator "NA"]
[PlyCount "37"]
[EventDate "2019.08.15"]
[EventType "swiss"]
[EventCountry "BLR"]
[SourceTitle "playchess.com"]
[Source "ChessBase"]
[SourceQuality "1"]
[TimeControl "900+10"]

1. d4 {[%emt 0:00:00]} c5 {[%emt 0:00:15]} 2. d5 {[%emt 0:00:00]} e6 {[%emt 0:00:02]} 3. Nc3 {[%emt 0:00:00]} d6 {[%emt 0:00:05]} 4. e4 {[%emt 0:00:02]} Nf6 {[%emt 0:00:04]} 5. Nf3 {[%emt 0:00:17]} Be7 {[%emt 0:00:12]} 6. Bb5+ {[%emt 0:00:40]} Bd7 {[%emt 0:00:56]} 7. dxe6 {[%emt 0:00:31]} fxe6 {[%emt 0:00:40]} 8. e5 {[%emt 0:00:42]} dxe5 {[%emt 0:00:30]} 9. Nxe5 {[%emt 0:00:26]} Nc6 {[%emt 0:01:04]} 10. Nxc6 {[%emt 0:01:57]} Bxc6 {[%emt 0:00:13]} 11. Bxc6+ {[%emt 0:00:04]} bxc6 {[%emt 0:00:11]} 12. Qe2 {[%emt 0:00:52]} Qd7 {[%emt 0:01:11]} 13. O-O {[%emt 0:00:11]} O-O {[%emt 0:01:23]} 14. Re1 {[%emt 0:00:29]} Kf7 {[%emt 0:00:43]} 15. Bg5 {[%emt 0:00:50]} Rfe8 {[%emt 0:00:22]} 16. Rad1 {[%emt 0:00:22]} Qc8 {[%emt 0:01:35]} 17. Bxf6 {[%emt 0:01:15]} Bxf6 {[%emt 0:00:34]} 18. Ne4 {[%emt 0:00:10]} Bxb2 {[%emt 0:01:03]} 19. Nd6+ 1-0

[Event "Kupreichik Memorial Rapid 2019"]
[Site "Minsk"]
[Date "2019.08.15"]
[Round "1.20"]
[White "Lashkevich, Andrei"]
[Black "Zarubitski, Viachaslau"]
[Result "0-1"]
[WhiteElo "1447"]
[BlackElo "2426"]
[Annotator "TA"]
[PlyCount "112"]
[EventDate "2019.08.15"]
[EventType "swiss"]
[EventCountry "BLR"]
[SourceTitle "playchess.com"]
[Source "ChessBase"]
[SourceQuality "1"]

{[%evp 20,112,-16,-83,-6,-25,37,-19,-33,-88,-79,-94,-94,-94,-75,-94,-83,-83,-65,-102,0,-24,0,0,0,0,34,-22,-39,-102,-102,-193,-118,-626,-595,-612,-466,-575,-458,-779,-892,-860,-886,-855,-831,-815,-784,-786,-763,-758,-713,-1781,-883,-884,-883,-879,-862,-1027,-1006,-981,-975,-1002,-964,-906,-783,-892,-844,-1217,-1189,-1321,-1251,-1218,-1085,-1342,-1314,-1706,-1705,-29970,-29971,-6311,-10411,-29962,-5899,-2145,-1238,-29979,-29980,-29983,-29984,-29983,-29984,-29987,-29988,-29998,-29999]} 1. e4 c5 2. Nf3 e6 3. d3 Nc6 4. g3 Nf6 5. Bg2 Be7 6. Nbd2 d5 7. O-O b6 8. e5 Nd7 9. Re1 Qc7 10. Qe2 Bb7 11. c3 (11. c4 $11) 11... a5 {C00: French: Unusual White 2nd moves} (11... g5 $1 $17 12. h3 h5) (11... g5 12. h3 h5 13. Nf1 g4 14. hxg4 hxg4 15. N3h2 Qxe5 16. Nxg4 Qxe2 17. Rxe2 O-O-O 18. Bf4 Nf8 19. Nh6 Rh7 20. Ng8 Ng6 21. Nxe7+ Ncxe7 22. Bg5 Rd7 23. Nh2 Rh5 24. f4 Rh8 25. Ng4 Nf5 26. Kf2 d4 {½-½ (26) Kukov,V (2362)-Lobzhanidze,D (2428) Germany 2019}) 12. a4 h6 (12... g5 $11) 13. Nf1 (13. Nb1 $14) 13... g5 $146 {The position is equal.} ({Predecessor:} 13... d4 14. h4 O-O-O 15. N1d2 g5 16. hxg5 hxg5 17. Nc4 g4 {1-0 (40) Mombeck,M-Kleibaumhueter,K (2223) Ruhrgebiet 1998}) 14. g4 ({Better is} 14. h3 $15) 14... h5 $17 15. h3 hxg4 16. hxg4 O-O-O 17. Ng3 Rdg8 18. d4 cxd4 19. cxd4 {[#]} Nb4 (19... Rh4 $1 $17 {[%mdl 512]} 20. Be3 (20. Nxh4 gxh4) 20... Rxg4) 20. Be3 Ba6 21. Qd2 Qd8 22. Rec1+ Kb7 23. Bf1 (23. Rc3 $14) 23... Bxf1 $11 24. Nxf1 (24. Kxf1 $15 f6 25. exf6 Nxf6 26. Ne5 (26. Nxg5 Nxg4 27. Nf7 {[%mdl 64] Double Attack} Qf8 $11)) 24... Qf8 25. N1h2 {[#]} (25. Qc3 $17 {keeps fighting.} Qd8 26. Ng3) 25... Qh6 (25... f5 $1 $19 26. Qc3 Qd8) 26. Qe2 $2 {[%mdl 8192]} (26. Qc3 $17 Rc8 27. Qd2) 26... f5 $19 27. exf6 Bd6 {[%mdl 64] ...Qh3 is the strong threat. Zwischenzug} 28. Qb5 Nxf6 29. Bd2 (29. Kf1 $142 Bxh2 30. Bd2) 29... Qh3 {[%cal Rd6h2]} 30. Bxb4 Bxh2+ 31. Nxh2 Qxh2+ 32. Kf1 Qh1+ 33. Ke2 Qe4+ {[%mdl 64] Double Attack} 34. Kd2 Qxd4+ 35. Ke2 Qe4+ (35... axb4 $142 36. Qd3 Qxb2+ 37. Qd2 Qe5+ 38. Qe3 Ne4) 36. Kd2 Qxb4+ 37. Qxb4 axb4 38. Re1 Ne4+ 39. Ke3 Rh3+ 40. Kd4 Rc8 41. a5 Ra8 42. Ke5 Nc5 43. Kf6 Rf3+ 44. Kxg5 Rxf2 45. Rh1 Rxa5 46. Rh7+ Kc6 47. Rah1 Ne4+ 48. Kg6 d4 49. Re7 Kd6 50. Rb7 d3 51. Rxb6+ Kd5 52. g5 Kc4 {Black mates.} 53. Rxe6 Rxg5+ 54. Kh6 Rg4 55. Kh5 Rfg2 56. Re1 Rg5+ {Accuracy: White = 22%, Black = 64%.} 0-1

[Event "Kupreichik Memorial Rapid 2019"]
[Site "Minsk"]
[Date "2019.08.15"]
[Round "1.21"]
[White "Pakhomov, Alexey"]
[Black "Arlou, Valery"]
[Result "1-0"]
[WhiteElo "2315"]
[BlackElo "1759"]
[Annotator "NA"]
[PlyCount "60"]
[EventDate "2019.08.15"]
[EventType "swiss"]
[EventCountry "BLR"]
[SourceTitle "playchess.com"]
[Source "ChessBase"]
[SourceQuality "1"]
[TimeControl "900+10"]

1. d4 {[%emt 0:00:00]} g6 {[%emt 0:00:00]} 2. Nf3 {[%emt 0:00:35]} Bg7 {[%emt 0:00:00]} 3. Bf4 {[%emt 0:00:03]} d6 {[%emt 0:00:00]} 4. e3 {[%emt 0:00:02]} Nf6 {[%emt 0:00:13]} 5. h3 {[%emt 0:00:01]} O-O {[%emt 0:00:13]} 6. Be2 {[%emt 0:00:01]} Nbd7 {[%emt 0:00:18]} 7. O-O {[%emt 0:00:06]} c5 {[%emt 0:00:05]} 8. c3 {[%emt 0:00:39]} a6 {[%emt 0:01:26]} 9. Nbd2 {[%emt 0:00:09]} b5 {[%emt 0:00:39]} 10. a4 {[%emt 0:01:02]} Rb8 {[%emt 0:01:24]} 11. axb5 {[%emt 0:02:39]} axb5 {[%emt 0:00:02]} 12. e4 {[%emt 0:00:11]} c4 {[%emt 0:01:12]} 13. Re1 {[%emt 0:00:15]} Bb7 {[%emt 0:00:23]} 14. Bf1 {[%emt 0:00:03]} Qb6 {[%emt 0:01:25]} 15. Bh2 {[%emt 0:00:53]} Ra8 {[%emt 0:00:24]} 16. Rb1 {[%emt 0:03:55]} Rfd8 {[%emt 0:00:30]} 17. b3 {[%emt 0:00:07]} Qa5 {[%emt 0:02:43]} 18. bxc4 {[%emt 0:01:01]} Qxc3 {[%emt 0:00:29]} 19. Rb3 {[%emt 0:00:13]} Qa5 {[%emt 0:00:51]} 20. Rxb5 {[%emt 0:00:34]} Qa7 {[%emt 0:00:04]} 21. Rb1 {[%emt 0:00:18]} Ba6 {[%emt 0:02:21]} 22. Ra1 {[%emt 0:00:42]} Qb6 {[%emt 0:00:43]} 23. Rb1 {[%emt 0:00:36]} Qa7 {[%emt 0:00:55]} 24. Qc2 {[%emt 0:01:54]} Rdc8 {[%emt 0:00:18]} 25. e5 {[%emt 0:01:14]} Ne8 {[%emt 0:00:08]} 26. exd6 {[%emt 0:00:11]} e6 {[%emt 0:01:29]} 27. c5 {[%emt 0:00:10]} Bb7 {[%emt 0:00:21]} 28. Ne5 {[%emt 0:00:20]} Nxe5 {[%emt 0:00:18]} 29. Bxe5 {[%emt 0:00:02]} Bxe5 30. d7 Bxd4 1-0